000 00428nam a2200181Ia 4500
001 25071
005 20260414151125.0
008 260414t2004||||xx |||||||||||||| ||spa||
041 _aESP
082 _a346.1861
_bV21
100 _aValencia Zea, Arturo
_eAUT
245 0 _aDerecho civil :
_bparte general y personal
260 _c2004
300 _a
_c24 cm.
650 _aDER
654 _aCDE
942 _cLIB
_dJUS
_fJUS
_2ddc
_n
999 _c25071
_d25071